Normal view
MARC view
- Sekaran, Uma
Entry Personal Name
001 - CONTROL NUMBER
- control field: 84963
003 - CONTROL NUMBER IDENTIFIER
- control field: NUST
005 - DATE AND TIME OF LATEST TRANSACTION
- control field: 20211123154731.0
008 - FIXED-LENGTH DATA ELEMENTS
- fixed length control field: 211123|| aca||aabn | a|a d
040 ## - CATALOGING SOURCE
- Original cataloging agency: NUST
- Transcribing agency: NUST
100 ## - HEADING--PERSONAL NAME
- Personal name: Sekaran, Uma
670 ## - SOURCE DATA FOUND
- Source citation: Work cat.: (NUST)31603: Sekaran, Uma., Research methods for business :, c2003.
